<?xml version="1.0" encoding="UTF-8"?>
<record
    xmlns:xsi="http://www.w3.org/2001/XMLSchema-instance"
    xsi:schemaLocation="http://www.loc.gov/MARC21/slim http://www.loc.gov/standards/marcxml/schema/MARC21slim.xsd"
    xmlns="http://www.loc.gov/MARC21/slim">

  <leader>01020nam a2200229 i 4500</leader>
  <controlfield tag="001">31985</controlfield>
  <controlfield tag="003">ES-MaACL</controlfield>
  <controlfield tag="005">20250928113039.0</controlfield>
  <controlfield tag="007">t|</controlfield>
  <controlfield tag="008">030206m19111913fr           ||||1| fre d</controlfield>
  <datafield tag="245" ind1="0" ind2="0">
    <subfield code="a">Nouvelle pratique m&#xE9;dico-chirurgicale illustr&#xE9;e / </subfield>
    <subfield code="c">directeurs, E. Brissaud, A. Pinard, P. Reclus ; secretaire, Henry Meige.</subfield>
  </datafield>
  <datafield tag="260" ind1=" " ind2=" ">
    <subfield code="a">Paris : </subfield>
    <subfield code="b">Masson, </subfield>
    <subfield code="c">1911-1913.</subfield>
  </datafield>
  <datafield tag="300" ind1=" " ind2=" ">
    <subfield code="a">9 v. ; </subfield>
    <subfield code="c">25 cm.</subfield>
  </datafield>
  <datafield tag="505" ind1="8" ind2=" ">
    <subfield code="a">Contiene: I. Abasie-Blennorragie -- II. Bl&#xE9;pharites-Diab&#xE8;te -- III. Diaphragme-Genu Varum -- IV. G&#xE9;rodermie-Kystes -- V. Labyrinthe-Omoplate -- VI. Omphalite-Poudres -- VII. Pouls-Strophantus -- VIII. Strychn&#xE9;es-Zymoth&#xE9;rapie -- IX. Premier suppl&#xE9;ment (ann&#xE9;es 1911-12).</subfield>
  </datafield>
  <datafield tag="650" ind1=" " ind2="4">
    <subfield code="a">Medicina-</subfield>
    <subfield code="v">Enciclopedias.</subfield>
    <subfield code="9">14899</subfield>
  </datafield>
  <datafield tag="700" ind1="1" ind2=" ">
    <subfield code="a">Meige, Henry.</subfield>
    <subfield code="9">79830</subfield>
  </datafield>
  <datafield tag="700" ind1="1" ind2=" ">
    <subfield code="a">Brissaud, &#xC9;duoard (</subfield>
    <subfield code="d">1852-1909)</subfield>
    <subfield code="9">154652</subfield>
  </datafield>
  <datafield tag="700" ind1="1" ind2=" ">
    <subfield code="a">Pinard, Adolphe, </subfield>
    <subfield code="d">1844-1934</subfield>
    <subfield code="9">154655</subfield>
  </datafield>
  <datafield tag="700" ind1="1" ind2=" ">
    <subfield code="a">Reclus, Paul (</subfield>
    <subfield code="d">1847-1914)</subfield>
    <subfield code="9">154656</subfield>
  </datafield>
  <datafield tag="852" ind1=" " ind2=" ">
    <subfield code="a">ES-MaACL</subfield>
    <subfield code="j">B-11546-54</subfield>
  </datafield>
  <datafield tag="999" ind1=" " ind2=" ">
    <subfield code="c">31985</subfield>
    <subfield code="d">31985</subfield>
  </datafield>
  <datafield tag="952" ind1=" " ind2=" ">
    <subfield code="0">0</subfield>
    <subfield code="1">0</subfield>
    <subfield code="4">0</subfield>
    <subfield code="7">0</subfield>
    <subfield code="a">ATENEOM</subfield>
    <subfield code="b">ATENEOM</subfield>
    <subfield code="c">SPB</subfield>
    <subfield code="d">2008-01-17</subfield>
    <subfield code="e">SC</subfield>
    <subfield code="l">0</subfield>
    <subfield code="o">B-11546-54</subfield>
    <subfield code="p">1033085</subfield>
    <subfield code="r">2023-02-23 00:00:00</subfield>
    <subfield code="w">2023-02-23</subfield>
    <subfield code="y">MONOGRAFIA</subfield>
  </datafield>
</record>
